|
|
|
|
| LEADER |
00000naa0a2200000 4500 |
| 001 |
602700 |
| 005 |
20250916145423.0 |
| 035 |
|
|
|a (RuTPU)RU\TPU\tpu\28785
|
| 090 |
|
|
|a 602700
|
| 100 |
|
|
|a 20170203d2016 k y0rusy50 ca
|
| 101 |
0 |
|
|a rus
|
| 102 |
|
|
|a RU
|
| 200 |
1 |
|
|a Изучение антиоксидантной активности некоторых пентациклических тритерпеноидов
|f О. А. Воронова [и др.]
|
| 320 |
|
|
|a Библиогр.: с. 34-35 (9 назв.)
|
| 330 |
|
|
|a It was studied the antioxidant activity of a number of pcntacyclic triterpenoids using the method of cathodic voltamperometry and oxygen electrochemical reduction process. It is shown that bctulin diacetate exhibits more pronounced antioxidant activity compared with samples of betulin or allobctulin due to the fact that the double bond in isopropenyl moiety of betulin diacetate serves as the active site of oxidation.
|
| 333 |
|
|
|a В фонде НТБ ТПУ отсутствует
|
| 463 |
|
1 |
|t Тенденции развития науки и образования в области естественнонаучных дисциплин
|o материалы международной научно-практической конференции, посвященной 70-летию со дня рождения доктора химических наук, Почетного профессора университета Бутина Булата Мажекеновича, Алматы, 07-08 октября 2016 г.
|f отв. ред. Б. Ж. Джиембаев, Н. О. Мырзахметова
|v С. 32-35
|d 2016
|
| 610 |
1 |
|
|a труды учёных ТПУ
|
| 675 |
|
|
|a 634.085:582.632+547.914
|v 4
|
| 701 |
|
1 |
|a Воронова
|b О. А.
|c химик
|c ассистент Томского политехнического университета, кандидат химических наук
|f 1979-
|g Олеся Александровна
|3 (RuTPU)RU\TPU\pers\29232
|9 13834
|
| 701 |
|
1 |
|a Плотников
|b Е. В.
|c химик
|c доцент Томского политехнического университета, кандидат химических наук
|f 1983-
|g Евгений Владимирович
|3 (RuTPU)RU\TPU\pers\29838
|9 14314
|
| 701 |
|
1 |
|a Калиева
|b С. С.
|
| 701 |
|
1 |
|a Нурпейис
|b Е. Е.
|
| 701 |
|
1 |
|a Мамаева
|b Е. А.
|c химик
|c доцент Томского политехнического университета, кандидат химических наук
|f 1975-
|g Елена Андреевна
|3 (RuTPU)RU\TPU\pers\35783
|9 18940
|
| 701 |
|
1 |
|a Ташенов
|b А. К.
|
| 701 |
|
1 |
|a Бакибаев
|b А. А.
|c химик
|c профессор Томского политехнического университета, доктор химических наук
|f 1960-
|g Абдигали Абдиманапович
|3 (RuTPU)RU\TPU\pers\27073
|
| 712 |
0 |
2 |
|a Национальный исследовательский Томский политехнический университет (ТПУ)
|b Институт природных ресурсов (ИПР)
|b Кафедра физической и аналитической химии (ФАХ)
|3 (RuTPU)RU\TPU\col\18656
|
| 801 |
|
1 |
|a RU
|b 63413507
|c 20170203
|
| 942 |
|
|
|c BK
|